Normal view MARC view
  • Greenwood, J. Michael

Entry Nombre Personal

Number of records used in: 1

001 - NUMERO DE CONTROL

  • campo de control: 52199

003 - IDENTIFICADOR DE NUMERO DE CONTROL

  • campo de control: DLC

005 - FECHA Y HORA DE LA ÜLTIMA TRANSACCIÓN

  • campo de control: 20240604135357.0

008 - DATOS DE LONGITUD FIJA

  • campo de control de longitud fija: 810805n| acannaabn |n aaa

010 ## - NÚMERO DE CONTROL DE LA BIBLIOTECA DEL CONGRESO

  • Número de control LC: n 81042341

035 ## - NUMERO DE CONTROL

  • Número de control: (OCoLC)oca00587933

040 ## - FUENTE DE CATALOGACIÓN

  • Agencia original de catalogación: DLC
  • Lenguaje de catalogación: spa
  • Agencia de transcripción: DLC
  • Agencia que lo modifica: OCoLC
  • Agencia que lo modifica: MX-MxUPN

100 1# - ENCABEZAMIENTO - NOMBRE PERSONAL

  • Nombre personal: Greenwood, J. Michael

670 ## - FUENTE EN LA QUE SE LOCALIZARON DATOS

  • Cita de la fuente: His Evaluation guidebook to computer-aided transcription, 1975.

670 ## - FUENTE EN LA QUE SE LOCALIZARON DATOS

  • Cita de la fuente: Elementos de pedagogía práctica, 1912:
  • Información localizada: portada (J. M. Greenwood)

902 ## - CATALOGADOR

  • Catalogador: Víctor Ruiz/040624